РУКОВОДЯЩИЕ материалы по разработке проектов "Охрана окружающей среды для предприятий автомобильного транспорта". Руководящие материалы по разработке проекта "Охрана окружающей природной среды" на стадиях проект (рабочий проект) (Запись № 6554111)

Подробности
000 -МАРКЕР
контрольное поле 01605nam2a22002531 4500
001 - ИДЕНТИФИКАТОР ЗАПИСИ
контрольное поле rc\282383
005 - ИДЕНТИФИКАТОР ВЕРСИИ
контрольное поле 20250621063613.0
035 ## - ДРУГИЕ СИСТЕМНЫЕ НОМЕРА
Идентификатор записи (NLR Aleph) 005628444
100 ## - ДАННЫЕ ОБЩЕЙ ОБРАБОТКИ
Данные общей обработки 20030307d1990 |||y0rusy50 ca
101 0# - ЯЗЫК РЕСУРСА
Язык текста, звукозаписи и т.д. русский
102 ## - СТРАНА ПУБЛИКАЦИИ ИЛИ ПРОИЗВОДСТВА
Страна публикации Российская Федерация
105 ## - ПОЛЕ КОДИРОВАННЫХ ДАННЫХ: ТЕКСТОВЫЕ МАТЕРИАЛЫ, МОНОГРАФИЧЕСКИЕ
Кодированные данные о монографическом текстовом документе a |||||||||
200 1# - ЗАГЛАВИЕ И СВЕДЕНИЯ ОБ ОТВЕТСТВЕННОСТИ
Основное заглавие Руководящие материалы по разработке проекта "Охрана окружающей природной среды" на стадиях проект (рабочий проект)
Обозначение и номер части Подраздел
Наименование части Охрана атмосферного воздуха от загрязнения
210 ## - ПУБЛИКАЦИЯ, РАСПРОСТРАНЕНИЕ И ДР.
Дата издания, распространения и т.д. 1990
Место издания, распространения и т.д. Б. м.
215 ## - ФИЗИЧЕСКАЯ ХАРАКТЕРИСТИКА
Специфическое обозначение материала и объем 37 с.
Другие сведения о физической характеристике ил.
320 ## - ПРИМЕЧАНИЯ О НАЛИЧИИ В ДОКУМЕНТЕ БИБЛИОГРАФИИ / УКАЗАТЕЛЯ
Текст примечания Библиогр.: с. 35-37
461 #0 - УРОВЕНЬ НАБОРА
Встроенное поле 001rc\282380
-- 2001#$aРУКОВОДЯЩИЕ материалы по разработке проектов "Охрана окружающей среды для предприятий автомобильного транспорта"$fМ-во автомоб. трансп. РСФСР. Гипроавтотранс
Системный номер (АБИС) связанной записи 6554082
Место публикации М.
Дата публикации 1990
Первые сведения об ответственности М-во автомоб. трансп. РСФСР. Гипроавтотранс
Имя издателя, распространителя и т.д. Б. и.
Заглавие РУКОВОДЯЩИЕ материалы по разработке проектов "Охрана окружающей среды для предприятий автомобильного транспорта"
517 0# - ДРУГИЕ ВАРИАНТЫ ЗАГЛАВИЯ
Вариант заглавия Руководящие материалы по разработке предложений...
801 #0 - ИСТОЧНИК ЗАПИСИ
Страна Российская Федерация
Организация NLR
Правила каталогизации psbo
801 #1 - ИСТОЧНИК ЗАПИСИ
Страна Российская Федерация
Организация ELAR
Источник данных rusmarc
852 ## - МЕСТОНАХОЖДЕНИЕ И ШИФР ХРАНЕНИЯ
Идентификатор организации NLR
Шифр хранения (Call Number) 90-4/10956
942 ## - ДОПОЛНИТЕЛЬНЫЕ ЭЛЕМЕНТЫ ЗАПИСИ (АБИС)
Тип экземпляра АБИС Книга
980 ## - КОЛЛЕКЦИЯ
Название коллекции Национальная библиография
Экземпляры
Тип экземпляра Дата поступления Библиотека постоянного хранения Библиотека текущего хранения Место хранения Шифр хранения Штрих-код Статус экземпляра
Книга 26.10.2013 РНБ (Московский) РНБ (Московский) Русский книжный фонд: издания с 1957 года 90-4/10956 5628444-10